02590naa a2200169 a 450000100080000000500110000800800410001910000170006024501220007726000090019952019870020865000460219570000180224170000190225970000230227877301190230111351662024-12-04 2024 bl uuuu u00u1 u #d1 aALVES, D. P. aAN??LISE DO CITOPLASMA E DO GENE RESTAURADOR DA MACHOFERTILIDADE NO CULTIVAR DE CEBOLA MEGA??.h[electronic resource] c2024 aA esterilidade gen??tico-citoplasm??tica masculina (CMS) ?? amplamente empregada no desenvolvimento de h??bridos de cebola (Allium cepa L.). Um h??brido de cebola requer pelo menos tr??s progenitores: uma linha macho-est??ril (A), uma linha macho f??rtil capaz de manter a esterilidade masculina (B) e uma linha polinizadora final (C). A utiliza????o de marcadores moleculares para identificar plantas macho-est??reis e mantenedoras pode facilitar e acelerar o processo de desenvolvimento de h??bridos de cebola. OBJETIVO: o objetivo deste estudo foi empregar marcadores moleculares ligados aos genes citoplasm??ticos e nucleares associados ?? CMS na cebola para caracterizar o cultivar de poliniza????o livre MEGA?? e identificar plantas adequadas para desenvolver linhagens A e B para a produ????o de h??bridos de cebola. METODOLOGIA: Em 2021, na esta????o experimental da Epagri em Ituproanga-SC, o DNA total de 288 plantas do cultivar MEGA?? foi extra??do. Ap??s a an??lise e quantifica????o do DNA, foram realizadas PCR para identificar o tipo de citoplasma, utilizando os primers 5?cob, orfA501, e o fator nuclear envolvido na restaura????o da fertilidade em plantas com citoplasma S, utilizando o primer AcSKP1. RESULTADOS: A an??lise com os marcadores revelou que 141 plantas possu??am o citoplasma normal "N", 140 plantas possu??am citoplasma est??ril "T" e 7 plantas possu??am citoplasma est??ril "S". Das 288 plantas analisadas, apenas 153 amplificaram com o primer AcSKP1, sendo nove homozigotas recessivas com citoplasma normal (Nmsms), portanto mantenedoras (B), e nenhuma planta com citoplasma est??ril S e recessiva, portanto macho-est??ril (A). CONCLUS??ES: Os marcadores moleculares utilizados no estudo foram eficazes em identificar plantas B, e identificar plantas com citoplasma est??ril S. Assim, a utiliza????o de marcadores moleculares pode facilitar a identifica????o de plantas de interesse, agilizando o processo de desenvolvimento de h??bridos de cebola. aAllium cepa L H??brido Marcador Molecular1 aMANFIO, C. E.1 aARA??JO, E. R.1 aHIGASHIKAWA, F. S. tIn: SEMIN??RIO CATARINENSE DE OLERICULTURA, 2., 2024, Fraiburgo, SC. Resumos... Ca??ador, SC: Epagri, 2024. p. 295